Score 0/8 Timer 01:30
0 Plays Today
Enplanements President (Airport) % Correct
24,520,981John F. Kennedy (John F. Kennedy International Airport)
98.1%
9,462,231Ronald Reagan (Ronald Reagan Washington National Airport)
84%
19,039,000George Bush (George Bush Intercontinental Airport )
78.9%
23,729Theodore Roosevelt (Dickinson Theodore Roosevelt Regional Airport)
69.3%
65,756Abraham Lincoln (Abraham Lincoln Capital Airport)
68.3%
1,111,442Bill Clinton (Bill and Hillary Clinton National Airport/Adams Field)
55.7%
735,270Dwight D. Eisenhower (Wichita Dwight D. Eisenhower National Airport)
55.2%
1,063,153Gerald Ford (Gerald R. Ford International Airport)
54.8%
Remove Ads.
Support Sporcle.
Get the best of Sporcle when you Go Orange. This ad-free experience offers more features, more stats, and more fun while also helping to support Sporcle. Thank you for becoming a member.

You're not logged in!

Compare scores with friends on all Sporcle quizzes.
OR
Log In

Show Comments

Extras

Top Quizzes Today


Score Distribution

Your Account Isn't Verified!

In order to create a playlist on Sporcle, you need to verify the email address you used during registration. Go to your Sporcle Settings to finish the process.

Report this User

Report this user for behavior that violates our Community Guidelines.

Details: